[Event "Abu Dhabi Masters Blitz 27th"]
[White "Pichot,Alan"]
[Black "Dimakiling,Oliver"]
[Site "Abu Dhabi"]
[Round "4"]
[Annotator ""]
[Result "1-0"]
[Date "2021.12.15"]
[WhiteElo "2625"]
[BlackElo "2420"]
[PlyCount "87"]

1. e4 c5 2. Nf3 Nc6 3. d4 cxd4 4. Nxd4 Nf6 5. Nc3 d6 6. Bg5 Bd7 7. Nxc6 bxc6 8. Bc4 e6 9. Bb3 h6 10. Bh4 Qc7 11. Bxf6 gxf6 12. Qh5 Rg8 13. g3 Rg5 14. Qe2 a5 15. O-O-O Rc5 16. Na4 Rb5 17. f4 c5 18. Nc3 Rb4 19. Bc4 Qb7 20. b3 a4 21. f5 axb3 22. axb3 h5 23. fxe6 fxe6 24. Kb2 Kd8 25. Ra1 Bg7 26. Rxa8+ Qxa8 27. Qxh5 Rxc4 28. bxc4 Qa5 29. Nb1 f5+ 30. c3 Qb4+ 31. Kc1 Qxc4 32. Qg5+ Kc7 33. Qxg7 Qxe4 34. Rd1 Qe2 35. Rd2 Qe1+ 36. Kb2 Qe4 37. Qe7 Qc6 38. h4 e5 39. h5 e4 40. h6 c4 41. h7 Qb6+ 42. Ka1 e3 43. Re2 Qa5+ 44. Ra2 1-0

[Event "Abu Dhabi Masters Blitz 27th"]
[White "Pichot,Alan"]
[Black "Maghsoodloo,Parham"]
[Site "Abu Dhabi"]
[Round "9"]
[Annotator ""]
[Result "0-1"]
[Date "2021.12.15"]
[WhiteElo "2625"]
[BlackElo "2701"]
[PlyCount "80"]

1. e4 Nf6 2. e5 Nd5 3. d4 d6 4. Nf3 g6 5. Bc4 Nb6 6. Bb3 Bg7 7. exd6 cxd6 8. h3 Nc6 9. c3 O-O 10. O-O Qc7 11. Re1 e5 12. dxe5 dxe5 13. Nbd2 h6 14. Ne4 Rd8 15. Qe2 Na5 16. Bc2 f5 17. Ng3 Nc6 18. Bd2 Be6 19. Rad1 Qf7 20. b3 e4 21. Nh2 Nd5 22. Nxe4 fxe4 23. Bxe4 Bf5 24. c4 Nd4 25. Qd3 Nf6 26. Bxf5 gxf5 27. Qb1 Ne4 28. Qc1 Qh5 29. f3 Ng3 30. Qa3 Nde2+ 31. Kf2 Bd4+ 32. Be3 Bxe3+ 33. Kxe3 Qh4 34. Qc5 Rxd1 35. Rxd1 Qf4+ 36. Kd3 Rd8+ 37. Kc2 Rxd1 38. Qc8+ Kf7 39. Qxb7+ Kf6 40. Qa6+ Rd6 0-1

[Event "Abu Dhabi Masters Blitz 27th"]
[White "Pichot,Alan"]
[Black "Moussard,Jules"]
[Site "Abu Dhabi"]
[Round "6"]
[Annotator ""]
[Result "0-1"]
[Date "2021.12.15"]
[WhiteElo "2625"]
[BlackElo "2630"]
[PlyCount "66"]

1. e4 d5 2. exd5 Qxd5 3. Nc3 Qd8 4. d4 h6 5. Nf3 Bf5 6. Bc4 e6 7. O-O c6 8. Re1 Be7 9. Ne5 Nf6 10. Bb3 O-O 11. Bf4 Nbd7 12. Nxd7 Qxd7 13. Be5 Nd5 14. Ne4 a5 15. c3 b5 16. Bc2 a4 17. Ng3 Bxc2 18. Qxc2 f6 19. Qg6 fxe5 20. Nh5 Bd6 21. dxe5 Bc5 22. Re2 Qf7 23. Qxf7+ Rxf7 24. Ng3 a3 25. Ne4 axb2 26. Rxb2 Bb6 27. g3 Rf5 28. a4 Rxe5 29. Nd6 Nxc3 30. Rc2 Bd4 31. Kg2 Rxa4 32. Rac1 Rd5 33. Nc8 b4 0-1

[Event "Abu Dhabi Masters Blitz 27th"]
[White "Pichot,Alan"]
[Black "Romanov,Evgeny"]
[Site "Abu Dhabi"]
[Round "8"]
[Annotator ""]
[Result "1-0"]
[Date "2021.12.15"]
[WhiteElo "2625"]
[BlackElo "2566"]
[PlyCount "77"]

1. e4 e5 2. Nf3 Nc6 3. Bb5 a6 4. Ba4 Nf6 5. d3 d6 6. c4 g6 7. h3 Bg7 8. Nc3 Nd7 9. Be3 Nd4 10. Bxd4 exd4 11. Ne2 c6 12. O-O Qb6 13. Rb1 a5 14. a3 O-O 15. b4 axb4 16. axb4 Ne5 17. Ne1 f5 18. f4 Nf7 19. exf5 Bxf5 20. Ng3 Nh6 21. Bb3 Kh8 22. Qd2 Rfe8 23. Nc2 Qd8 24. Rbe1 Qh4 25. Qf2 Bxd3 26. Rxe8+ Rxe8 27. Re1 Rf8 28. Nxd4 Rxf4 29. Re8+ Ng8 30. Nf3 Bd4 31. Qxd4+ Rxd4 32. Nxh4 Rxh4 33. b5 Bxc4 34. Bxc4 Rxc4 35. Ne4 Kg7 36. Nxd6 Rc1+ 37. Kh2 cxb5 38. Rb8 Rc7 39. Ne8+ 1-0

[Event "Abu Dhabi Masters Blitz 27th"]
[White "Pichot,Alan"]
[Black "Sadhwani,Raunak"]
[Site "Abu Dhabi"]
[Round "2"]
[Annotator ""]
[Result "0-1"]
[Date "2021.12.15"]
[WhiteElo "2625"]
[BlackElo "2616"]
[PlyCount "70"]

1. e4 e5 2. Nf3 Nc6 3. Bb5 Nf6 4. d3 Bc5 5. c3 O-O 6. O-O d5 7. exd5 Qxd5 8. Bc4 Qd8 9. Nbd2 a5 10. Qe2 Bg4 11. Ne4 Be7 12. h3 Bh5 13. Ng3 Bg6 14. Nh4 a4 15. Nhf5 Re8 16. Bg5 h6 17. Nxe7+ Qxe7 18. Bh4 Qd7 19. Bxf6 gxf6 20. Ne4 Kg7 21. Qf3 f5 22. Nc5 Qe7 23. Nxb7 e4 24. Qe3 Ne5 25. Qc5 Qg5 26. Bb5 f4 27. Kh1 f3 28. Rg1 Qh4 29. Bxe8 Rxe8 30. Qd4 Kh7 31. Nc5 fxg2+ 32. Rxg2 Qxh3+ 33. Rh2 Qf3+ 34. Kg1 Qf4 35. Qe3 Nf3+ 0-1

[Event "Abu Dhabi Masters Blitz 27th"]
[White "Sargsyan,Shant"]
[Black "Pichot,Alan"]
[Site "Abu Dhabi"]
[Round "3"]
[Annotator ""]
[Result "1-0"]
[Date "2021.12.15"]
[WhiteElo "2628"]
[BlackElo "2625"]
[PlyCount "69"]

1. d4 d5 2. Nf3 Nf6 3. g3 e6 4. Bg2 Be7 5. O-O O-O 6. b3 b6 7. c4 Bb7 8. Bb2 Nbd7 9. Nc3 c5 10. cxd5 Nxd5 11. Nxd5 Bxd5 12. dxc5 Nxc5 13. Rc1 Rc8 14. Ne5 Bf6 15. Bxd5 Qxd5 16. Qxd5 exd5 17. Bd4 Ne6 18. e3 Rfe8 19. Nc6 Nxd4 20. exd4 Rc7 21. Rc2 g6 22. Rfc1 Re4 23. Kf1 Rd7 24. Nb8 Rb7 25. Nc6 Kg7 26. Re1 Re6 27. Rxe6 fxe6 28. Ke2 Kf7 29. Kd3 Ke8 30. f4 Kd7 31. b4 Rc7 32. b5 a5 33. bxa6 Rxc6 34. a7 Rxc2 35. Kxc2 1-0

[Event "Abu Dhabi Masters Blitz 27th"]
[White "Tukhaev,Adam"]
[Black "Pichot,Alan"]
[Site "Abu Dhabi"]
[Round "1"]
[Annotator ""]
[Result "0-1"]
[Date "2021.12.15"]
[WhiteElo "2534"]
[BlackElo "2625"]
[PlyCount "72"]

1. e4 c5 2. Nf3 e6 3. c3 Nf6 4. e5 Nd5 5. d4 cxd4 6. cxd4 d6 7. Bc4 Be7 8. O-O O-O 9. Qe2 b6 10. Bxd5 exd5 11. Re1 Nc6 12. h3 dxe5 13. dxe5 Be6 14. Bf4 d4 15. Nbd2 Qd5 16. Bg5 Bc5 17. a3 d3 18. Qd1 a5 19. Ne4 Bf5 20. Nc3 Qd7 21. Qd2 Rfe8 22. Rad1 Nd4 23. Nxd4 Bxd4 24. Qf4 Bxc3 25. bxc3 Rac8 26. Qd2 Qc6 27. Rb1 Qxc3 28. Rxb6 Qxa3 29. Ra6 Rc2 30. Qxa5 Qb2 31. Qb6 d2 32. Rd1 Qxe5 33. Qe3 Qb5 34. Rb6 Rxe3 35. Rxb5 Re1+ 36. Kh2 Rxd1 0-1

[Event "Abu Dhabi Masters 27th"]
[White "Dimakiling,Oliver"]
[Black "Pichot,Alan"]
[Site "Abu Dhabi"]
[Round "9"]
[Annotator ""]
[Result "0-1"]
[Date "2021.12.14"]
[WhiteElo "2420"]
[BlackElo "2625"]
[PlyCount "70"]

1. c4 e5 2. Nc3 Bb4 3. Qc2 Nf6 4. a3 Bxc3 5. Qxc3 d6 6. d4 e4 7. d5 h6 8. g3 O-O 9. Bg2 Bf5 10. b4 Nbd7 11. Bb2 Ne5 12. f4 Ned7 13. h3 b5 14. g4 Bh7 15. c5 a5 16. Rd1 axb4 17. axb4 Qe7 18. h4 dxc5 19. g5 Nh5 20. Bh3 Nb6 21. Bg4 Na4 22. Qe5 Rfe8 23. Bxh5 Qf8 24. Qxg7+ Qxg7 25. Bxg7 Kxg7 26. bxc5 Nc3 27. Rd4 e3 28. Kf1 Re4 29. Nf3 Ra1+ 30. Kg2 Rxh1 31. Kxh1 Nxe2 32. Rxe4 Bxe4 33. d6 cxd6 34. cxd6 Kf8 35. Kh2 Nxf4 0-1

[Event "Abu Dhabi Masters 27th"]
[White "Pichot,Alan"]
[Black "Al Hosani,Omran"]
[Site "Abu Dhabi"]
[Round "8"]
[Annotator ""]
[Result "1-0"]
[Date "2021.12.14"]
[WhiteElo "2625"]
[BlackElo "2202"]
[PlyCount "33"]

1. e4 e5 2. Nf3 Nf6 3. Nxe5 d6 4. Nf3 Nxe4 5. d4 d5 6. Bd3 Bd6 7. O-O O-O 8. c4 c6 9. Nc3 Bf5 10. Re1 Nxc3 11. bxc3 Bxd3 12. Qxd3 Nd7 13. c5 Be7 14. Bf4 b6 15. Bc7 Qxc7 16. Rxe7 Rae8 17. Ng5 1-0

[Event "Abu Dhabi Masters 27th"]
[White "Pichot,Alan"]
[Black "Danilov,Vladimir"]
[Site "Abu Dhabi"]
[Round "7"]
[Annotator ""]
[Result "1-0"]
[Date "2021.12.14"]
[WhiteElo "2625"]
[BlackElo "2378"]
[PlyCount "109"]

1. e4 e5 2. Nf3 Nc6 3. Bc4 Nf6 4. Ng5 d5 5. exd5 Na5 6. Bb5+ c6 7. dxc6 bxc6 8. Bd3 h6 9. Ne4 Nd5 10. Nbc3 Be7 11. O-O Nf4 12. Be2 O-O 13. d4 Nxe2+ 14. Nxe2 Ba6 15. Re1 Bxe2 16. Qxe2 exd4 17. Qh5 f5 18. Ng3 f4 19. Nf5 Bg5 20. Qg6 Qf6 21. Qxf6 Bxf6 22. Nd6 Rad8 23. Re6 c5 24. Bd2 d3 25. cxd3 Nc6 26. Ne4 Bxb2 27. Rb1 Nd4 28. Ra6 Rb8 29. Rxa7 f3 30. Be3 Ba3 31. Rxb8 Rxb8 32. gxf3 Nxf3+ 33. Kg2 Ne1+ 34. Kf1 Rb1 35. Ke2 Nc2 36. Kd2 Rb2 37. Kc3 Rxa2 38. Bxc5 Bb4+ 39. Kb3 Rxa7 40. Bxa7 Ne1 41. Kxb4 Nxd3+ 42. Kc3 Ne5 43. Bb8 Nc6 44. Bg3 g5 45. Kc4 Kf7 46. Kd5 Ne7+ 47. Ke5 Kg6 48. Nc5 Nc6+ 49. Ke4 Kf6 50. Bd6 Nd8 51. Nd3 Nf7 52. Be5+ Kg6 53. Bg3 Kf6 54. h4 Nd8 55. h5 1-0

[Event "Abu Dhabi Masters 27th"]
[White "Bellahcene,Bilel"]
[Black "Pichot,Alan"]
[Site "Abu Dhabi"]
[Round "6"]
[Annotator ""]
[Result "1-0"]
[Date "2021.12.13"]
[WhiteElo "2512"]
[BlackElo "2625"]
[PlyCount "79"]

1. e4 e5 2. Nf3 Nc6 3. Bb5 a6 4. Ba4 Nf6 5. O-O b5 6. Bb3 Bc5 7. a4 Rb8 8. c3 d6 9. d4 Bb6 10. a5 Ba7 11. Be3 Bg4 12. dxe5 Bxf3 13. Qxf3 Nxe5 14. Qe2 c5 15. Nd2 O-O 16. Bg5 h6 17. Bh4 Re8 18. Kh1 c4 19. Bc2 Ng6 20. Bg3 Rb7 21. f4 Rd7 22. Rfe1 d5 23. e5 d4 24. cxd4 Rxd4 25. Nf3 Rd7 26. Bxg6 fxg6 27. Qc2 Nd5 28. Qxg6 Rf8 29. Qxa6 Nxf4 30. Qxb5 Nd3 31. Qxc4+ Kh8 32. e6 Nxe1 33. exd7 Nxf3 34. Qc7 Qf6 35. Qxa7 Nd4 36. h3 Nf5 37. Qf2 Qg5 38. Bh2 Kh7 39. a6 Ne3 40. Qe2 1-0

[Event "Abu Dhabi Masters 27th"]
[White "Pichot,Alan"]
[Black "Romanov,Evgeny"]
[Site "Abu Dhabi"]
[Round "5"]
[Annotator ""]
[Result "0-1"]
[Date "2021.12.13"]
[WhiteElo "2625"]
[BlackElo "2566"]
[PlyCount "68"]

1. e4 e5 2. Nf3 Nc6 3. Bb5 a6 4. Ba4 Nf6 5. O-O Be7 6. Re1 b5 7. Bb3 d6 8. c3 O-O 9. h3 Na5 10. Bc2 c5 11. d4 Nd7 12. d5 Nb6 13. Nbd2 Qc7 14. Nf1 c4 15. b4 cxb3 16. axb3 Nb7 17. Be3 Bd7 18. Ng3 Rfc8 19. Rc1 a5 20. Nf5 Bxf5 21. exf5 Nc5 22. c4 bxc4 23. bxc4 a4 24. Nd2 Nbd7 25. Qh5 a3 26. Ra1 a2 27. Qe2 Bf6 28. Nf3 e4 29. Nd4 Nd3 30. Red1 Qxc4 31. Bxd3 exd3 32. Rxd3 Nc5 33. Rd2 Qxe2 34. Rxe2 Bxd4 0-1

[Event "Abu Dhabi Masters 27th"]
[White "Sargsyan,Shant"]
[Black "Pichot,Alan"]
[Site "Abu Dhabi"]
[Round "4"]
[Annotator ""]
[Result "1/2-1/2"]
[Date "2021.12.13"]
[WhiteElo "2628"]
[BlackElo "2625"]
[PlyCount "138"]

1. d4 d5 2. c4 dxc4 3. Nf3 Nf6 4. e3 e6 5. Bxc4 a6 6. O-O c5 7. b3 Nbd7 8. Bb2 b5 9. Be2 Bb7 10. Nbd2 Be7 11. a4 b4 12. Nc4 O-O 13. Nfe5 cxd4 14. Qxd4 Nc5 15. Qxd8 Bxd8 16. Nd2 Nfe4 17. Nxe4 Bxe4 18. Bc4 Bf6 19. Rac1 Rfd8 20. Bd4 Nd7 21. Nxd7 Bxd4 22. exd4 Rxd7 23. f3 Bb7 24. Rfd1 Rad8 25. Be2 g6 26. Rc4 a5 27. Rc5 Rxd4 28. Rxd4 Rxd4 29. Rxa5 Bd5 30. Kf2 Bxb3 31. Ra8+ Kg7 32. Ke3 e5 33. a5 Be6 34. a6 b3 35. Rb8 Ra4 36. g4 h5 37. g5 Ra3 38. Bd3 b2 39. Kd2 Bf5 40. Bxf5 gxf5 41. Rxb2 Rxa6 42. Rb5 f6 43. f4 fxg5 44. fxg5 Ra2+ 45. Ke3 Rxh2 46. Rxe5 Kg6 47. Kf4 Rh4+ 48. Kg3 Rg4+ 49. Kf3 Kxg5 50. Re8 Rf4+ 51. Kg3 h4+ 52. Kg2 Ra4 53. Rg8+ Kf4 54. Kh3 Kf3 55. Rg3+ Kf4 56. Rb3 Ra1 57. Rb8 Kg5 58. Rg8+ Kf4 59. Rb8 Ra3+ 60. Kxh4 Kf3 61. Rb2 f4 62. Kh3 Re3 63. Ra2 Rb3 64. Rc2 Ra3 65. Rb2 Rd3 66. Ra2 Rd1 67. Ra3+ Ke4 68. Kg2 Rd2+ 69. Kf1 Rd3 1/2-1/2

[Event "Abu Dhabi Masters 27th"]
[White "Amin,Bassem"]
[Black "Pichot,Alan"]
[Site "Abu Dhabi"]
[Round "2"]
[Annotator ""]
[Result "1-0"]
[Date "2021.12.12"]
[WhiteElo "2680"]
[BlackElo "2625"]
[PlyCount "53"]

1. e4 c5 2. Nf3 e6 3. d3 Nc6 4. g3 Nf6 5. Bg2 d5 6. Nbd2 Be7 7. O-O O-O 8. Re1 Qc7 9. Nf1 dxe4 10. dxe4 Rd8 11. Qe2 Nd4 12. Nxd4 cxd4 13. e5 Nd5 14. a3 Bd7 15. Be4 Rac8 16. h4 Ba4 17. Qg4 Kh8 18. Bg5 h6 19. Nh2 Bxg5 20. hxg5 Qxe5 21. Nf3 Qc7 22. Bd3 f5 23. Qh4 Qe7 24. Bxf5 Ne3 25. Bh3 Rf8 26. Ne5 Bxc2 27. fxe3 1-0

[Event "Abu Dhabi Masters 27th"]
[White "Pichot,Alan"]
[Black "Fedoseev,Vladimir1"]
[Site "Abu Dhabi"]
[Round "1"]
[Annotator ""]
[Result "1-0"]
[Date "2021.12.12"]
[WhiteElo "2625"]
[BlackElo "2704"]
[PlyCount "91"]

1. e4 c5 2. Nf3 d6 3. Bb5+ Bd7 4. Bxd7+ Nxd7 5. O-O Ngf6 6. Qe2 Qc7 7. b3 g6 8. Bb2 e5 9. c4 Bh6 10. Nc3 O-O 11. d3 Nh5 12. g3 Rae8 13. Bc1 Bxc1 14. Raxc1 a6 15. Nd5 Qd8 16. Nh4 Ng7 17. Ng2 Ne6 18. Nge3 Nd4 19. Qd1 f5 20. exf5 gxf5 21. f4 Nf6 22. Qd2 e4 23. Kh1 b5 24. dxe4 Rxe4 25. Rce1 Rfe8 26. Nc3 R4e6 27. Ned5 Nxd5 28. Nxd5 Re2 29. Qc3 b4 30. Rxe2 Rxe2 31. Qd3 Qa5 32. g4 Qxa2 33. Qg3 Qc2 34. Nf6+ Kf7 35. g5 Ke6 36. Qh3 Nxb3 37. Qxh7 Rxh2+ 38. Qxh2 Qxh2+ 39. Kxh2 Nd2 40. Rf2 Nxc4 41. Rg2 b3 42. g6 b2 43. g7 b1=Q 44. g8=Q+ Kxf6 45. Rg6+ Ke7 46. Qh7+ 1-0

[Event "Abu Dhabi Masters 27th"]
[White "Pichot,Alan"]
[Black "Salem,AR Saleh"]
[Site "Abu Dhabi"]
[Round "3"]
[Annotator ""]
[Result "0-1"]
[Date "2021.12.12"]
[WhiteElo "2625"]
[BlackElo "2690"]
[PlyCount "130"]

1. e4 c5 2. Nf3 d6 3. Bb5+ Nd7 4. d4 cxd4 5. Nxd4 Ngf6 6. O-O g6 7. Re1 Bg7 8. Bf1 O-O 9. c4 b6 10. Nc3 Bb7 11. Bg5 a6 12. Qd2 Rc8 13. Rad1 Re8 14. f3 Qc7 15. Nd5 Qb8 16. Kh1 e6 17. Nc3 Ne5 18. b3 Ba8 19. Rc1 h5 20. Na4 Ned7 21. b4 Nh7 22. Be3 h4 23. h3 Be5 24. Nb3 Nhf6 25. c5 b5 26. Nb6 Nxb6 27. cxb6 Nd7 28. f4 Bg7 29. e5 Nxb6 30. Qxd6 Rxc1 31. Rxc1 Nd5 32. Qxb8 Rxb8 33. Bd2 Bh6 34. Nc5 Bxf4 35. Bxf4 Nxf4 36. Nxa6 Rd8 37. Nc7 Bb7 38. Nxb5 Rd2 39. a4 Nxh3 40. Rc7 Rd1 41. Kh2 Rxf1 42. Kxh3 Rh1+ 43. Kg4 Bxg2 44. Nd6 h3 45. Rc8+ Kh7 46. Ne8 Rf1 47. Kg3 g5 48. b5 Kg6 49. Nd6 Rf3+ 50. Kh2 Ra3 51. Rg8+ Kh5 52. Nxf7 g4 53. b6 Bd5 54. Nd6 Ra2+ 55. Kg3 Ra3+ 56. Kh2 Kh4 57. Rh8+ Kg5 58. Rg8+ Kh4 59. Rh8+ Kg5 60. Rg8+ Kf4 61. Rf8+ Kxe5 62. Nc4+ Bxc4 63. b7 Ra2+ 64. Kg3 Rg2+ 65. Kh4 Rb2 0-1

[Event "Dubai bin Rashid Cup Blitz"]
[White "Bellahcene,Bilel"]
[Black "Pichot,Alan"]
[Site "Dubai"]
[Round "1"]
[Annotator ""]
[Result "1/2-1/2"]
[Date "2021.12.09"]
[WhiteElo "2493"]
[BlackElo "2629"]
[PlyCount "87"]

1. e4 c5 2. Nf3 e6 3. d4 cxd4 4. Nxd4 Nc6 5. Nc3 Qc7 6. Be2 a6 7. Nxc6 dxc6 8. O-O e5 9. f4 Bd6 10. f5 Nf6 11. Qd3 b5 12. Qg3 Kf8 13. a3 Bc5+ 14. Kh1 Bb7 15. Bg5 Bd4 16. Bf3 Rd8 17. Ne2 Bxb2 18. Ra2 Bd4 19. Qh4 Qe7 20. Nxd4 Rxd4 21. c3 Rc4 22. Rd2 h6 23. Rfd1 Kg8 24. Bxf6 Qxf6 25. Rd8+ Kh7 26. Qxf6 gxf6 27. R8d7 Rb8 28. Rxf7+ Kg8 29. Rdd7 Rxc3 30. h4 Ba8 31. Rg7+ Kh8 32. Rh7+ Kg8 33. Rdg7+ Kf8 34. Bh5 c5 35. Rf7+ Kg8 36. Rhg7+ Kh8 37. Bg6 Bxe4 38. Rh7+ Kg8 39. Rfg7+ Kf8 40. Rf7+ Kg8 41. Rfg7+ Kf8 42. Rf7+ Kg8 43. Rfg7+ Kf8 44. Rf7+ 1/2-1/2

[Event "Dubai bin Rashid Cup Blitz"]
[White "Fedoseev,Vladimir1"]
[Black "Pichot,Alan"]
[Site "Dubai"]
[Round "8"]
[Annotator ""]
[Result "0-1"]
[Date "2021.12.09"]
[WhiteElo "2690"]
[BlackElo "2629"]
[PlyCount "86"]

1. d4 Nf6 2. c4 e6 3. Nf3 d5 4. Nc3 dxc4 5. e4 b5 6. e5 Nd5 7. Nxb5 Nb6 8. Be2 Nc6 9. O-O Be7 10. Be3 O-O 11. Nc3 Rb8 12. Qc1 Nb4 13. Rd1 Bb7 14. Nd2 Nd3 15. Qc2 Ba6 16. Rab1 Nb4 17. Qe4 Kh8 18. Qg4 Qd7 19. Nde4 N6d5 20. Qh3 f5 21. exf6 gxf6 22. Nc5 Bxc5 23. dxc5 Nd3 24. Nxd5 Qxd5 25. b3 Qe4 26. Bf3 Qe5 27. bxc4 Rxb1 28. Rxb1 Bxc4 29. Qh6 Rg8 30. Qh4 Qf5 31. Be4 Ne5 32. Bd4 Nf3+ 33. Kh1 Nxh4 34. Bxf5 Nxf5 35. Bxf6+ Ng7 36. Rb7 Rf8 37. Be5 Kg8 38. Rxc7 Ne8 39. Rxa7 Rxf2 40. h4 Bd5 41. Re7 Kf8 42. Rxh7 Rxg2 43. Rh8+ Kf7 0-1

[Event "Dubai bin Rashid Cup Blitz"]
[White "Niemann,Hans Moke"]
[Black "Pichot,Alan"]
[Site "Dubai"]
[Round "5"]
[Annotator ""]
[Result "0-1"]
[Date "2021.12.09"]
[WhiteElo "2680"]
[BlackElo "2629"]
[PlyCount "47"]

1. d4 Nf6 2. Nc3 d5 3. Bf4 e6 4. Nb5 Na6 5. e3 c6 6. Nc3 Be7 7. g4 Nc7 8. g5 Nd7 9. Nf3 b5 10. h4 a5 11. h5 a4 12. Ne2 b4 13. Ng3 a3 14. b3 Nb5 15. g6 hxg6 16. hxg6 Rxh1 17. Nxh1 Nc3 18. Qd2 f5 19. Bd3 Ne2 20. Kxe2 c5 21. Rg1 Ba6 22. Bxa6 Rxa6 23. Be5 Rc6 24. Bf6 0-1

[Event "Dubai bin Rashid Cup Blitz"]
[White "Nihal,Sarin"]
[Black "Pichot,Alan"]
[Site "Dubai"]
[Round "3"]
[Annotator ""]
[Result "1/2-1/2"]
[Date "2021.12.09"]
[WhiteElo "2705"]
[BlackElo "2629"]
[PlyCount "234"]

1. d4 Nf6 2. c4 e6 3. Nf3 d5 4. Nc3 dxc4 5. e4 b5 6. e5 Nd5 7. Nxb5 Nb6 8. Be2 Nc6 9. O-O Be7 10. Qd2 Rb8 11. Nc3 O-O 12. Rd1 Nb4 13. Qf4 Kh8 14. Qg4 f5 15. exf6 gxf6 16. Qh5 N4d5 17. Bd2 Qe8 18. Qxe8 Rxe8 19. Rac1 Ba6 20. b3 Ba3 21. Rb1 Nxc3 22. Bxc3 Nd5 23. Bd2 c3 24. Bxa6 c2 25. Bc4 cxb1=Q 26. Rxb1 Bb4 27. Bxd5 exd5 28. Bxb4 Rxb4 29. Rc1 Re7 30. Kf1 Rb6 31. g3 Ra6 32. Rc2 Kg8 33. Nh4 Kf7 34. Ng2 Ke6 35. Ne3 c6 36. Ke2 Kd7 37. Kd3 Rb6 38. Ng4 Re6 39. Ne3 Rb4 40. f3 Rb8 41. Ng2 Rbe8 42. b4 a6 43. a3 f5 44. Rb2 Kc7 45. Rc2 Kb6 46. a4 Kb7 47. Rb2 Kc7 48. Rc2 Kd7 49. Rb2 Rb8 50. Ne3 Rf6 51. a5 Re8 52. Rc2 h5 53. Rb2 f4 54. gxf4 Rxf4 55. Rf2 Ref8 56. Rg2 Rxf3 57. Ke2 Rh3 58. Rg7+ Kc8 59. Nf1 h4 60. Ra7 Kb8 61. Rxa6 Kb7 62. Rb6+ Kc7 63. b5 cxb5 64. Rxb5 Rhf3 65. Ne3 Rf2+ 66. Kd3 Rxh2 67. Nxd5+ Kc6 68. Rc5+ Kd6 69. Nc3 Rf3+ 70. Ke4 Rf1 71. Nb5+ Kd7 72. Rc7+ Ke6 73. d5+ Kf6 74. Rc6+ Kg5 75. d6 Re2+ 76. Kd3 Re5 77. Nc3 Rf3+ 78. Kd4 Re8 79. Rc5+ Kg4 80. Nd5 h3 81. Rc2 Kg3 82. Nc7 Rd8 83. Ke5 h2 84. Rc1 Re3+ 85. Kd4 Re2 86. Kc5 Rd2 87. Nd5 Rc2+ 88. Rxc2 h1=Q 89. Rc3+ Kg4 90. a6 Rc8+ 91. Nc7 Qa1 92. Rc4+ Kf5 93. Kb6 Qb2+ 94. Kc6 Rb8 95. a7 Qb6+ 96. Kd7 Qxa7 97. Rc1 Rb6 98. Rf1+ Kg4 99. Rg1+ Kf3 100. Rf1+ Ke2 101. Rf5 Qa4+ 102. Ke6 Qc4+ 103. Nd5 Rb5 104. d7 Qc6+ 105. Ke7 Rb7 106. Re5+ Kf2 107. Nf6 Kf3 108. Re6 Qc5+ 109. Ke8 Rb8+ 110. d8=Q Rxd8+ 111. Kxd8 Kf4 112. Nd7 Qa5+ 113. Rb6 Kf5 114. Ke8 Qa8+ 115. Ke7 Qa5 116. Ke8 Qxb6 117. Nxb6 Ke5 1/2-1/2

[Event "Dubai bin Rashid Cup Blitz"]
[White "Pichot,Alan"]
[Black "Abdumalik,Zhansaya"]
[Site "Dubai"]
[Round "2"]
[Annotator ""]
[Result "1-0"]
[Date "2021.12.09"]
[WhiteElo "2629"]
[BlackElo "2380"]
[PlyCount "119"]

1. e4 e5 2. Nf3 Nc6 3. Bb5 a6 4. Ba4 Nf6 5. O-O Be7 6. Re1 b5 7. Bb3 O-O 8. a4 Bb7 9. d3 d6 10. Bd2 Nd7 11. Nc3 Nc5 12. Bd5 b4 13. Ne2 Rb8 14. Ng3 Ne6 15. Be3 Re8 16. a5 Bf8 17. c3 bxc3 18. bxc3 Ne7 19. Bxb7 Rxb7 20. d4 Ng6 21. d5 Nef4 22. Ne2 Nh5 23. Qd3 Qa8 24. Qc4 Reb8 25. h3 Nf6 26. Ng3 Ne7 27. Nh2 c6 28. dxc6 Rc7 29. Qd3 Qxc6 30. Ng4 Nxg4 31. hxg4 Rb3 32. Bb6 Rxc3 33. Qxa6 d5 34. Qe2 Rc8 35. Nf5 Ng6 36. exd5 Qxd5 37. g3 Rc2 38. Ne3 Rxe2 39. Nxd5 Rd2 40. Nc7 Rc2 41. Nb5 Bb4 42. Re4 Bc5 43. Bxc5 R2xc5 44. Rb4 Ra8 45. a6 Ne7 46. a7 Nc6 47. Nc7 Nxb4 48. Nxa8 Nc6 49. Nb6 Nxa7 50. Rxa7 h6 51. Ra8+ Kh7 52. Nd7 Rc1+ 53. Kg2 e4 54. Nf8+ Kg8 55. Ng6+ Kh7 56. Ne5 Rc7 57. Rd8 Re7 58. Nc6 Rc7 59. Nd4 g6 60. Re8 1-0

[Event "Dubai bin Rashid Cup Blitz"]
[White "Pichot,Alan"]
[Black "Erdos,Viktor"]
[Site "Dubai"]
[Round "6"]
[Annotator ""]
[Result "0-1"]
[Date "2021.12.09"]
[WhiteElo "2629"]
[BlackElo "2599"]
[PlyCount "106"]

1. e4 e5 2. Nf3 Nc6 3. Bb5 a6 4. Ba4 Nf6 5. d3 b5 6. Bb3 Bc5 7. c3 d6 8. Bg5 h6 9. Bh4 g5 10. Bg3 Ba7 11. Nbd2 Na5 12. Bc2 Nh5 13. a4 b4 14. cxb4 Nxg3 15. hxg3 Nc6 16. b5 Nb4 17. Nc4 Bc5 18. bxa6 Qf6 19. Qe2 h5 20. Ne3 Be6 21. Bb1 Rxa6 22. g4 Bxe3 23. Qxe3 hxg4 24. Rxh8+ Qxh8 25. Nxg5 Bd7 26. Ke2 f6 27. Qd2 c5 28. Ba2 Nxa2 29. Rxa2 Qg8 30. b4 Qxg5 31. Qb2 cxb4 32. Qxb4 Qc1 33. a5 g3 34. fxg3 Bg4+ 35. Kf2 Qc5+ 36. Qxc5 dxc5 37. Ke3 Kd7 38. Kd2 Kc6 39. Kc3 Bd7 40. Ra1 Kc7 41. Ra2 Bb5 42. Rf2 Rd6 43. Rf3 Kb7 44. g4 Ka6 45. g5 fxg5 46. Rg3 Kxa5 47. Rxg5 Rxd3+ 48. Kc2 Kb4 49. Rxe5 Rg3 50. Kd2 Rxg2+ 51. Ke3 c4 52. Kf3 Rg1 53. Kf2 Rd1 0-1

[Event "Dubai bin Rashid Cup Blitz"]
[White "Pichot,Alan"]
[Black "Fridman,Daniel"]
[Site "Dubai"]
[Round "7"]
[Annotator ""]
[Result "1/2-1/2"]
[Date "2021.12.09"]
[WhiteElo "2629"]
[BlackElo "2663"]
[PlyCount "66"]

1. e4 e6 2. d4 d5 3. Nc3 Nf6 4. e5 Nfd7 5. f4 c5 6. Nf3 Nc6 7. Be3 Qb6 8. a3 cxd4 9. Nxd4 Bc5 10. Ncb5 a6 11. b4 axb5 12. bxc5 Qxc5 13. Qd3 Qe7 14. Nxb5 O-O 15. Qc3 f6 16. exf6 Qxf6 17. Qxf6 Nxf6 18. Be2 e5 19. fxe5 Nxe5 20. Bc5 Rf7 21. O-O-O Bg4 22. Bxg4 Nexg4 23. h3 Ne5 24. Rhe1 Nc6 25. Nd6 Rd7 26. Nf5 Kf7 27. g4 Ra5 28. Bb4 Ra4 29. c3 Nxb4 30. axb4 Ra2 31. Kb1 Rh2 32. Rd3 g6 33. Nd4 Re7 1/2-1/2

[Event "Dubai bin Rashid Cup Blitz"]
[White "Pichot,Alan"]
[Black "Kadric,Denis"]
[Site "Dubai"]
[Round "10"]
[Annotator ""]
[Result "1/2-1/2"]
[Date "2021.12.09"]
[WhiteElo "2629"]
[BlackElo "2469"]
[PlyCount "106"]

1. e4 d6 2. d4 Nf6 3. Nc3 e5 4. Nf3 Nbd7 5. Bc4 Be7 6. a4 O-O 7. O-O c6 8. h3 h6 9. Re1 Re8 10. b3 exd4 11. Qxd4 Ne5 12. Be2 Nxf3+ 13. Bxf3 Nd7 14. Bb2 Ne5 15. Be2 Bf6 16. Qd2 Ng6 17. Rad1 Be5 18. Bf1 Bf4 19. Qd3 Qg5 20. g3 Ne5 21. Qe2 Bxg3 22. fxg3 Qxg3+ 23. Qg2 Nf3+ 24. Kh1 Qxg2+ 25. Bxg2 Nxe1 26. Rxe1 d5 27. Rd1 dxe4 28. Nxe4 Bf5 29. Nd6 Bxc2 30. Rd2 Rad8 31. Ba3 Re1+ 32. Kh2 Bxb3 33. a5 Ra1 34. Bb4 Ra4 35. Bc3 Ra2 36. Rxa2 Bxa2 37. Nxb7 Rd3 38. Be5 Bd5 39. Bf1 Rf3 40. Kg1 Re3 41. Bd4 Re7 42. a6 c5 43. Bxc5 Rxb7 44. axb7 Bxb7 45. Bxa7 g5 46. Kf2 Kg7 47. Kg3 Be4 48. Bd4+ Kg6 49. Bb5 h5 50. Bd7 Bf5 51. Be8 h4+ 52. Kg2 g4 53. hxg4 Bxg4 1/2-1/2

[Event "Dubai bin Rashid Cup Blitz"]
[White "Pichot,Alan"]
[Black "Kovalev,Vladislav"]
[Site "Dubai"]
[Round "4"]
[Annotator ""]
[Result "1/2-1/2"]
[Date "2021.12.09"]
[WhiteElo "2629"]
[BlackElo "2527"]
[PlyCount "94"]

1. e4 e5 2. Nf3 Nc6 3. Bb5 a6 4. Ba4 Nf6 5. d3 d6 6. c4 g6 7. O-O Bg7 8. h3 O-O 9. Nc3 Bd7 10. Be3 Re8 11. Nd5 Nb8 12. b4 Bxa4 13. Nxf6+ Qxf6 14. Qxa4 Nc6 15. Qb3 Qe6 16. a4 a5 17. bxa5 Nxa5 18. Qb5 b6 19. Rfb1 h6 20. Qd5 Qe7 21. Qb5 Kh7 22. Ne1 f5 23. f3 h5 24. Nc2 Bh6 25. Bxh6 Kxh6 26. Ne3 f4 27. Nd5 Qf7 28. Nc3 Rg8 29. Kf2 Qe7 30. Rg1 Qh4+ 31. Ke2 Rg7 32. Rab1 Qd8 33. Ra1 Nb7 34. Qc6 Nc5 35. Rgb1 Ne6 36. Nb5 Ra5 37. Kd2 Qg5 38. Rg1 Qg3 39. Qe8 Qf2+ 40. Kc3 Nd4 41. Qh8+ Rh7 42. Qf8+ Rg7 43. Qh8+ Kg5 44. Qd8+ Kh6 45. Qh8+ Kg5 46. Qe8 Ne6 47. Qc6 Kh6 1/2-1/2

[Event "Dubai bin Rashid Cup Blitz"]
[White "Salem,AR Saleh"]
[Black "Pichot,Alan"]
[Site "Dubai"]
[Round "9"]
[Annotator ""]
[Result "1-0"]
[Date "2021.12.09"]
[WhiteElo "2642"]
[BlackElo "2629"]
[PlyCount "90"]

1. c4 Nf6 2. Nc3 e6 3. a3 Bb4 4. d4 Bxc3+ 5. bxc3 O-O 6. f3 d5 7. cxd5 exd5 8. e3 b6 9. Ne2 Ba6 10. g4 c5 11. Bg2 Nc6 12. O-O Re8 13. Rf2 Bxe2 14. Rxe2 Rc8 15. Raa2 Na5 16. Re1 Rc7 17. Rf2 Rce7 18. g5 Nd7 19. e4 cxd4 20. cxd4 Qc7 21. e5 Qc4 22. f4 Nf8 23. f5 Rc7 24. Bf4 Rd7 25. h4 Qb3 26. Qg4 Qc3 27. Bd2 Qxa3 28. e6 fxe6 29. fxe6 Rde7 30. Bxd5 Qd6 31. Ba2 Nc6 32. Qf5 Ng6 33. h5 Qg3+ 34. Rg2 Qxg2+ 35. Kxg2 Nh4+ 36. Kh3 Nxf5 37. d5 Ncd4 38. Bf4 Rd8 39. g6 hxg6 40. hxg6 b5 41. Re4 b4 42. d6 Nxd6 43. Rxd4 Nb7 44. Rxb4 Nc5 45. Bg5 Nd3 1-0